000 00252nam a2200109Ia 4500
008 240625s9999 xx 000 0 und d
041 _aeng
082 _a658.15224 BEA
100 _aBEAL DIANA
245 _aINTRODUCING CORPORATE FINANCE
260 _c2008
999 _c38200
_d38200